Central Library OPAC University of Rajshahi

Hamlet : (Record no. 54476)

MARC details
000 -LEADER
fixed length control field 00900nam a2200265 a 4500
001 - CONTROL NUMBER
control field 54476
003 - CONTROL NUMBER IDENTIFIER
rucl marc code BD-RJUL
005 - DATE AND TIME OF LATEST TRANSACTION
control field 20211209080128.0
008 - FIXED-LENGTH DATA ELEMENTS--GENERAL INFORMATION
fixed length control field 161107s1955 enk 001 0 eng c
035 ## - SYSTEM CONTROL NUMBER
System control number (BD-RJUL)
040 ## - CATALOGING SOURCE
Original cataloging agency Rochester. Univ. Libr
Transcribing agency VLW
Modifying agency m.c
-- BD-RJUL
Language of cataloging eng
041 ## - LANGUAGE CODE
Language code of text/sound track or separate title eng
082 ## - DEWEY DECIMAL CLASSIFICATION NUMBER
Edition number 23
Author mark and year ALH 1955
Classification number 822.33
100 1# - MAIN ENTRY--PERSONAL NAME
Personal name Alexander, Peter
Dates associated with a name 1893-1969
9 (RLIN) 162538
245 10 - TITLE STATEMENT
Title Hamlet :
Remainder of title father and son /
Statement of responsibility, etc. Petter Alexander
260 ## - PUBLICATION, DISTRIBUTION, ETC. (IMPRINT)
Place of publication, distribution, etc. Oxford :
Name of publisher, distributor, etc. At The Clarendon Press,
Date of publication, distribution, etc. 1955
300 ## - PHYSICAL DESCRIPTION
Pagination vii, 189 p. ;
Size 20 cm.
490 1# - SERIES STATEMENT
Series statement The Lord Northcliffe lectures University College, London ;
Volume/sequential designation 1953
500 ## - GENERAL NOTE
General note Includes index
600 10 - SUBJECT ADDED ENTRY--PERSONAL NAME
Personal name Shakespeare, William
Dates associated with a name 1564-1616
General subdivision Hamlet
650 ## - SUBJECT ADDED ENTRY--TOPICAL TERM
Topical term or geographic name as entry element Hamlet (Shakespeare, William)
9 (RLIN) 119580
830 #0 - SERIES ADDED ENTRY--UNIFORM TITLE
Uniform title The Lord Northcliffe lectures University College, London ;
Volume number/sequential designation 1953
942 ## - ADDED ENTRY ELEMENTS (KOHA)
Source of classification or shelving scheme Dewey Decimal Classification
Koha item type Books
Holdings
Lost status Source of classification or shelving scheme Damaged status Not for loan Collection code Permanent Location Current Location Shelving location Date acquired Source of acquisition Cost, normal purchase price Total Checkouts Full call number Date last seen Copy number Koha item type
  Dewey Decimal Classification     Non-fiction Central Library, University of Rajshahi Central Library, University of Rajshahi   12/08/1955 O. U. P. 7.80   822.33 ALH 1955 07/11/2016 C-2 Books